000 00650nam a2200193 a 4500
001 000033027
003 OSt
005 20201005144403.0
008 110808s1953 dr 000 0 spa d
040 _aDO-SdBNP
_bspa
_cBNPHU
082 _axxxx
_bG643B
100 1 _aGonzález, Rafael Francisco
_958734
245 1 3 _aEl Banco de Crédito Agrícola e Industrial de la República Dominicana :
_borganización funcionamiento y finalidades.
260 _aCiudad Trujillo, República Dominicana :
_bImpresora Dominicana,
_c1953.
300 _a92 p. ;
_c22 cm.
590 _aInventariado, 2020 / DG
910 _aInventariado, 2020 / DG
942 _2ddc
_cLF1
999 _c32518
_d32518